|
|
|
|
| LEADER |
00000nam0a2200000 4500 |
| 001 |
174734 |
| 005 |
20231031164910.0 |
| 035 |
|
|
|a (RuTPU)RU\TPU\book\189481
|
| 090 |
|
|
|a 174734
|
| 100 |
|
|
|a 20100203d1968 km y0rusy50 ca
|
| 101 |
0 |
|
|a rus
|
| 102 |
|
|
|a RU
|
| 105 |
|
|
|a a z 001zy
|
| 200 |
1 |
|
|a Термодинамика межмолекулярного взаимодействия
|f Е. С. Рудаков
|g Академия наук СССР (АН СССР), Сибирское отделение (СО), Институт катализа им. Г. К. Борескова (ИК)
|
| 210 |
|
|
|a Новосибирск
|c Наука
|d 1968
|
| 215 |
|
|
|a 255 с.
|c ил.
|
| 320 |
|
|
|a Библиогр.: с. 240-255.
|
| 610 |
1 |
|
|a межмолекулярные взаимодействия
|
| 610 |
1 |
|
|a термодинамика
|
| 610 |
1 |
|
|a газы
|
| 610 |
1 |
|
|a жидкости
|
| 610 |
1 |
|
|a молекулярные кристаллы
|
| 610 |
1 |
|
|a растворы
|
| 610 |
1 |
|
|a компенсационные эффекты
|
| 610 |
1 |
|
|a сольватация
|
| 610 |
1 |
|
|a энтропия
|
| 675 |
|
|
|a 536.7
|v 3
|
| 700 |
|
1 |
|a Рудаков
|b Е. С.
|g Елисей Сергеевич
|
| 712 |
0 |
2 |
|a Академия наук СССР (АН СССР)
|b Сибирское отделение (СО)
|b Институт катализа им. Г. К. Борескова (ИК)
|c (Новосибирск)
|2 stltpush
|3 (RuTPU)RU\TPU\col\11571
|
| 801 |
|
1 |
|a RU
|b 63413507
|c 20100203
|
| 801 |
|
2 |
|a RU
|b 63413507
|c 20101214
|g RCR
|
| 942 |
|
|
|c BK
|